[Event "Rated Blitz game"]
[Site "?"]
[Date "2021.11.16"]
[Round "?"]
[White "derbestewogibt"]
[Black "mirekkk14"]
[Result "1-0"]
[WhiteElo "2556"]
[BlackElo "2378"]
[PlyCount "53"]
[EventDate "2021.??.??"]
[EventType "blitz"]

1. e4 e5 2. Nf3 d5 3. Nxe5 Bd6 4. d4 dxe4 5. Nc4 Nf6 6. Nxd6+ Qxd6 7. Be2 O-O
8. O-O Nc6 9. Be3 Rd8 10. c3 Bf5 11. Nd2 a6 12. b4 Ne7 13. Nc4 Qe6 14. Ne5 Ng6
15. Bc4 Nd5 16. Qb3 c6 17. a4 Nxe5 18. dxe5 Qxe5 19. b5 axb5 20. axb5 Rxa1 21.
Rxa1 Qxc3 22. Qxc3 Nxc3 23. b6 Rd1+ 24. Rxd1 Nxd1 25. Bd4 Bg4 26. h3 Bc8 27.
Be2 {Normal} 1-0

[Event "Rated Blitz game"]
[Site "?"]
[Date "2021.11.16"]
[Round "?"]
[White "Hiko-Seijuro"]
[Black "RCompany_1"]
[Result "1-0"]
[WhiteElo "2452"]
[BlackElo "2392"]
[PlyCount "85"]
[EventDate "2021.??.??"]
[EventType "blitz"]

1. e4 e5 2. Nf3 d5 3. d3 dxe4 4. dxe4 Qxd1+ 5. Kxd1 Nf6 6. Bd3 Ng4 7. Ke2 Bc5
8. Rf1 Nc6 9. h3 Nf6 10. c3 a5 11. Nbd2 h6 12. Nc4 Nd7 13. Be3 f6 14. a3 a4 15.
Bxc5 Nxc5 16. Ne3 Nxd3 17. Kxd3 Be6 18. Nd5 O-O-O 19. c4 Na5 20. Kc3 Nb3 21.
Rad1 Kb8 22. Kb4 c6 23. Ne3 Nd4 24. Kxa4 Nxf3 25. gxf3 Bxh3 26. Rg1 g5 27. Kb4
Be6 28. Ng4 Bxg4 29. fxg4 Kc7 30. Rxd8 Kxd8 31. Rh1 Kc7 32. Kc3 Kd6 33. b4 Ke6
34. a4 Kf7 35. a5 Kg6 36. b5 Rc8 37. Kb4 c5+ 38. Ka4 Rd8 39. b6 Rd4 40. Kb5
Rxe4 41. Kxc5 Rxg4 42. a6 bxa6 43. b7 {Normal} 1-0

[Event "Rated Blitz game"]
[Site "?"]
[Date "2021.11.16"]
[Round "?"]
[White "Larmor"]
[Black "CJT21"]
[Result "1-0"]
[WhiteElo "2450"]
[BlackElo "2273"]
[PlyCount "57"]
[EventDate "2021.??.??"]
[EventType "blitz"]

1. e4 e5 2. Nf3 d5 3. exd5 Bd6 4. Nc3 f5 5. d4 e4 6. Ne5 Nd7 7. Nxd7 Bxd7 8.
Bc4 Nf6 9. O-O a6 10. f3 b5 11. Be2 b4 12. fxe4 Bxh2+ 13. Kxh2 bxc3 14. e5 cxb2
15. Bxb2 Nxd5 16. Bf3 c6 17. e6 Bxe6 18. Re1 Qd6+ 19. Kg1 O-O 20. c4 Nc7 21. d5
cxd5 22. cxd5 Bd7 23. a4 Rfe8 24. Qd4 Qh6 25. d6 Ne6 26. Rxe6 Bxe6 27. Bxa8
Rxa8 28. Re1 Rd8 29. Rxe6 {Normal} 1-0

[Event "Rated Blitz tournament ZkxPXpJS"]
[Site "?"]
[Date "2021.11.16"]
[Round "?"]
[White "Yakovlev_sergei"]
[Black "KappaGolden"]
[Result "1-0"]
[WhiteElo "2468"]
[BlackElo "2261"]
[PlyCount "67"]
[EventDate "2021.??.??"]
[EventType "blitz"]

1. e4 e5 2. Nf3 d5 3. Nxe5 Bd6 4. d4 dxe4 5. Nc3 Bxe5 6. dxe5 Qxd1+ 7. Nxd1 Nc6
8. Bf4 Bf5 9. Bb5 O-O-O 10. Ne3 Bg6 11. h4 h5 12. Rd1 Nge7 13. Ke2 Nd4+ 14.
Rxd4 Rxd4 15. c3 Rdd8 16. Bg5 f6 17. exf6 gxf6 18. Bxf6 Rh7 19. Bc4 Rf8 20. Bg5
Nf5 21. Nxf5 Bxf5 22. Ke3 Rd7 23. Be2 Bg4 24. Bc4 c6 25. a4 a6 26. a5 Kc7 27.
Re1 Rdf7 28. Bxf7 Rxf7 29. Bf4+ Kd7 30. f3 exf3 31. gxf3 Be6 32. Rd1+ Ke7 33.
Bg5+ Ke8 34. Rd8# {Normal} 1-0

[Event "Rated Blitz game"]
[Site "?"]
[Date "2021.11.16"]
[Round "?"]
[White "Chessponz"]
[Black "DOOGE228"]
[Result "1-0"]
[WhiteElo "2279"]
[BlackElo "2415"]
[PlyCount "57"]
[EventDate "2021.??.??"]
[EventType "blitz"]

1. e4 e5 2. Nf3 d5 3. Nxe5 Bd6 4. Nxf7 Kxf7 5. exd5 Qh4 6. g3 Qg4 7. f3 Qh5 8.
c4 Bxg3+ 9. hxg3 Qxh1 10. Nc3 Bh3 11. Qe2 Qxf1+ 12. Qxf1 Bxf1 13. Kxf1 Nd7 14.
d4 Ngf6 15. Bf4 c5 16. dxc6 bxc6 17. b4 Nb6 18. b5 Nxc4 19. bxc6 Nb6 20. Nb5
Nfd5 21. Be5 Nc4 22. Rc1 Nxe5 23. dxe5 Ke6 24. f4 g6 25. Nd6 h5 26. c7 Rhc8 27.
Nxc8 Rxc8 28. Rc6+ Kf5 29. Rd6 {Time forfeit} 1-0

[Event "Rated Blitz game"]
[Site "?"]
[Date "2021.11.16"]
[Round "?"]
[White "king_hunter_aou"]
[Black "jflup"]
[Result "0-1"]
[WhiteElo "2376"]
[BlackElo "2560"]
[PlyCount "78"]
[EventDate "2021.??.??"]
[EventType "blitz"]

1. e4 e5 2. Nf3 d5 3. Nc3 dxe4 4. Nxe4 f5 5. Ng3 Bd6 6. Bc4 Nf6 7. d3 Nc6 8.
Bg5 h6 9. Bxf6 Qxf6 10. Qd2 Bd7 11. O-O-O O-O-O 12. Bb3 g5 13. Rhe1 g4 14. Ng1
h5 15. N1e2 h4 16. Nf1 Bb4 17. c3 Bc5 18. Ne3 Be6 19. Rf1 Bxb3 20. axb3 Rh7 21.
b4 Bb6 22. Nc4 Rhd7 23. Qc2 Rd5 24. Nxb6+ axb6 25. Rfe1 Qd6 26. h3 gxh3 27.
gxh3 Rxd3 28. Rxd3 Qxd3 29. Qxd3 Rxd3 30. Kc2 Rxh3 31. Ng1 Rh1 32. Kd2 e4 33.
Ne2 Rxe1 34. Kxe1 Ne5 35. Kf1 h3 36. Nf4 h2 37. Kg2 Ng4 38. Nd5 Kd7 39. b5 Kd6
{Normal} 0-1

[Event "Rated Blitz game"]
[Site "?"]
[Date "2021.11.16"]
[Round "?"]
[White "poisonpawn79"]
[Black "ILoveSomeone"]
[Result "1-0"]
[WhiteElo "2411"]
[BlackElo "2295"]
[PlyCount "37"]
[EventDate "2021.??.??"]
[EventType "blitz"]

1. e4 e5 2. Nf3 d5 3. exd5 e4 4. Qe2 Nf6 5. d3 Be7 6. dxe4 O-O 7. Bf4 Re8 8.
Nbd2 Bb4 9. c3 Nxd5 10. Bg5 f6 11. Be3 Nxe3 12. Qxe3 Bd6 13. Bc4+ Be6 14. O-O
Qe7 15. Nd4 Bxc4 16. Nxc4 Bc5 17. Rfe1 Nc6 18. Nxc6 Bxe3 19. Nxe7+ {Normal} 1-0

[Event "Rated Blitz game"]
[Site "?"]
[Date "2021.11.16"]
[Round "?"]
[White "LevPaukman"]
[Black "Anecdot"]
[Result "1-0"]
[WhiteElo "2472"]
[BlackElo "2315"]
[PlyCount "89"]
[EventDate "2021.??.??"]
[EventType "blitz"]

1. e4 e5 2. Nf3 d5 3. Nxe5 Qe7 4. d4 f6 5. Nd3 dxe4 6. Nf4 Nc6 7. Bc4 Bf5 8.
Nd5 Qd8 9. Bf4 Bd6 10. Bxd6 Qxd6 11. Ne3 Bg6 12. c3 O-O-O 13. Qg4+ Kb8 14. Qe6
Qf8 15. g4 Nh6 16. Bb5 Bf7 17. Qxe4 Re8 18. Qf3 Qd6 19. Qg3 Rxe3+ 20. fxe3 Qd5
21. Bxc6 Qxc6 22. Rg1 Re8 23. Nd2 a5 24. a3 Qa4 25. Qf3 Qc2 26. Rb1 Ba2 27. Rd1
Qxb2 28. Kf2 Qxc3 29. Ne4 Qc6 30. Nc5 Bd5 31. e4 Bf7 32. Rb1 b6 33. Rgc1 f5 34.
Na6+ Kb7 35. Rxc6 Kxc6 36. exf5+ Bd5 37. Qc3+ Kb7 38. Qxc7+ Ka8 39. Rxb6 Nxg4+
40. Kg3 Re3+ 41. Kxg4 h5+ 42. Kf4 Rf3+ 43. Ke5 Rxf5+ 44. Kxf5 Bh1 45. Rb8# {
Normal} 1-0

[Event "Rated Blitz game"]
[Site "?"]
[Date "2021.11.16"]
[Round "?"]
[White "playingonthephone6"]
[Black "GrandeGila"]
[Result "1-0"]
[WhiteElo "2457"]
[BlackElo "2475"]
[PlyCount "55"]
[EventDate "2021.??.??"]
[EventType "blitz"]

1. e4 e5 2. Nf3 d5 3. Nxe5 Bd6 4. d4 dxe4 5. Nd2 Nf6 6. Bc4 O-O 7. O-O Nc6 8.
Nxc6 bxc6 9. Re1 Bg4 10. Be2 Bf5 11. Nc4 Rb8 12. Bg5 h6 13. Bh4 Be7 14. Bg3 Be6
15. Rb1 Re8 16. a3 Nd5 17. Ne5 Bd7 18. c4 Nb6 19. Qc2 f5 20. f3 Bf6 21. fxe4
fxe4 22. Qxe4 c5 23. Bd3 cxd4 24. Qh7+ Kf8 25. Ng6+ Kf7 26. Nh8+ Rxh8 27. Bg6+
Kf8 28. Qxh8# {Normal} 1-0

[Event "Rated Blitz game"]
[Site "?"]
[Date "2021.11.16"]
[Round "?"]
[White "satlan"]
[Black "Fantastic_power06"]
[Result "0-1"]
[WhiteElo "2764"]
[BlackElo "2807"]
[PlyCount "62"]
[EventDate "2021.??.??"]
[EventType "blitz"]

1. e4 e5 2. Nf3 d5 3. exd5 e4 4. Qe2 Nf6 5. d3 Qxd5 6. Nbd2 Nc6 7. Nxe4 Be6 8.
Nxf6+ gxf6 9. c3 O-O-O 10. Bf4 Rg8 11. Qe4 Qh5 12. O-O-O Qa5 13. d4 Qxa2 14.
Qb1 Qa4 15. Bg3 Bh6+ 16. Nd2 Na5 17. f4 Ba2 18. Qf5+ Be6 19. Qb5 Qa2 20. Bd3
Rd5 21. Qb4 c5 22. Qa3 Qxa3 23. bxa3 cxd4 24. c4 Rc5 25. Ne4 Rc6 26. Kb1 f5 27.
Nf6 Rd8 28. Nxh7 Nxc4 29. Bxc4 Bxc4 30. Ng5 Rd5 31. Nxf7 Rb5+ {Normal} 0-1

[Event "Rated Rapid game"]
[Site "?"]
[Date "2021.11.16"]
[Round "?"]
[White "oleoko"]
[Black "ZANE01"]
[Result "0-1"]
[WhiteElo "2436"]
[BlackElo "2377"]
[PlyCount "50"]
[EventDate "2021.??.??"]
[EventType "rapid"]

1. e4 e5 2. Nf3 d5 3. Nxe5 Bd6 4. d4 dxe4 5. Nc4 Nf6 6. Bg5 O-O 7. Be2 Be6 8.
Nxd6 cxd6 9. d5 Qa5+ 10. Nc3 Nxd5 11. Bd2 Nxc3 12. Bxc3 Qg5 13. Qxd6 Nc6 14.
Qg3 Qxg3 15. hxg3 Rad8 16. Rd1 f5 17. O-O a6 18. a4 Ne7 19. Bb4 Rxd1 20. Rxd1
Re8 21. Rd6 Nc6 22. Bc5 Ne5 23. b3 g5 24. Bd4 Nf7 25. c4 Nxd6 {Normal} 0-1

[Event "Rated Blitz game"]
[Site "?"]
[Date "2021.11.15"]
[Round "?"]
[White "Hungz"]
[Black "Jorny_Too_Pass"]
[Result "1/2-1/2"]
[WhiteElo "2530"]
[BlackElo "2314"]
[PlyCount "146"]
[EventDate "2021.??.??"]
[EventType "blitz"]

1. e4 e5 2. Nf3 d5 3. d3 dxe4 4. dxe4 Qxd1+ 5. Kxd1 Bg4 6. Be3 Nc6 7. c3 O-O-O+
8. Kc2 Nf6 9. Bd3 Be7 10. Nbd2 a6 11. h3 Bxf3 12. Nxf3 h6 13. a4 Rd7 14. Rhd1
Rhd8 15. b4 Bxb4 16. Bc4 Bd6 17. Nd2 Na5 18. Ba2 b6 19. f3 Bc5 20. Bxc5 bxc5
21. Nc4 Rxd1 22. Rxd1 Rxd1 23. Kxd1 Nxc4 24. Bxc4 a5 25. Bxf7 Kd8 26. Kc2 Ke7
27. Bc4 Nh5 28. Kb3 Nf4 29. Bf1 Kd6 30. Kc4 c6 31. Kb3 g5 32. Kc2 Ne6 33. Kb3
Nf8 34. Kc4 Nd7 35. Kb3 Nb6 36. Be2 Nd7 37. Bc4 Nf6 38. Bf7 Nd7 39. Bc4 Ke7 40.
Ba6 Nf6 41. g4 Kd6 42. Bc8 Ne8 43. Kc4 Nc7 44. Kb3 Ne8 45. Kc4 Kc7 46. Ba6 Kb6
47. f4 Nd6+ 48. Kd3 Kxa6 49. fxe5 Nf7 50. Kc4 Kb6 51. e6 Ne5+ 52. Kb3 Kc7 53.
Kc2 Kd6 54. Kd2 Kxe6 55. Ke3 Nd7 56. Kd3 Ke5 57. Kc4 Kd6 58. h4 Nb6+ 59. Kb3
Ke5 60. hxg5 hxg5 61. Kc2 Kxe4 62. Kd2 Kf4 63. Kc2 Kxg4 64. Kd3 Kf5 65. Kc2 g4
66. Kb3 g3 67. Kc2 g2 68. Kd2 g1=Q 69. Kd3 Qg3+ 70. Kc2 Ke4 71. Kb3 c4+ 72. Kb2
Kd3 73. Ka3 Qf2 {Normal} 1/2-1/2

[Event "Rated Blitz game"]
[Site "?"]
[Date "2021.11.15"]
[Round "?"]
[White "Vyacheslav19931993"]
[Black "DOOGE228"]
[Result "0-1"]
[WhiteElo "2530"]
[BlackElo "2411"]
[PlyCount "100"]
[EventDate "2021.??.??"]
[EventType "blitz"]

1. e4 e5 2. Nf3 d5 3. exd5 e4 4. Qe2 Nf6 5. Nc3 Be7 6. Nxe4 O-O 7. d3 Re8 8.
Be3 Nxd5 9. O-O-O f5 10. Ne5 Nd7 11. Nxd7 Qxd7 12. Qh5 g6 13. Qh6 Nxe3 14. Qxe3
fxe4 15. dxe4 Qc6 16. h4 Be6 17. Kb1 Qc5 18. Qg3 Bd6 19. f4 Rf8 20. e5 Bf5 21.
Bd3 Bxd3 22. Rxd3 Be7 23. h5 Qc6 24. hxg6 Qxg6 25. Qh2 Kh8 26. g4 Rad8 27. f5
Qg8 28. Rh3 Rf7 29. f6 Bf8 30. e6 Rdd7 31. exf7 Rxf7 32. g5 Qg6 33. Rh5 Kg8 34.
b3 a5 35. Qg3 Bd6 36. Qf3 a4 37. Qxb7 axb3 38. Qc8+ Rf8 39. Qe6+ Rf7 40. axb3
Kh8 41. Rxh7+ Rxh7 42. Qc8+ Qg8 43. Rxh7+ Kxh7 44. Qxg8+ Kxg8 45. g6 Be5 46.
f7+ Kg7 47. c4 Bd6 48. b4 Bxb4 49. Kc2 Kxg6 50. Kd3 Kxf7 {Time forfeit} 0-1

[Event "Rated Blitz game"]
[Site "?"]
[Date "2021.11.15"]
[Round "?"]
[White "Grandstodge"]
[Black "Fletov"]
[Result "1/2-1/2"]
[WhiteElo "2478"]
[BlackElo "2333"]
[PlyCount "75"]
[EventDate "2021.??.??"]
[EventType "blitz"]

1. e4 e5 2. Nf3 d5 3. exd5 e4 4. Qe2 Nf6 5. d3 Qxd5 6. Nbd2 Be7 7. dxe4 Qa5 8.
Qb5+ Nc6 9. Qxa5 Nxa5 10. Bb5+ c6 11. Bd3 O-O 12. c3 b5 13. O-O Nb7 14. a4 Nc5
15. Bc2 bxa4 16. Re1 Bb7 17. Nc4 h6 18. h3 Bd8 19. Nd4 Nb3 20. Nxb3 axb3 21.
Bxb3 Re8 22. f3 Bc7 23. Be3 a6 24. Na5 Rab8 25. Nxb7 Rxb7 26. Ba4 Rxb2 27. Bxc6
Reb8 28. Rxa6 Bg3 29. Rf1 Nh5 30. Ra8 Rxa8 31. Bxa8 Re2 32. Bf2 Be5 33. c4 Nf4
34. Bd5 Nd3 35. Ba7 Nf4 36. Bf2 Nd3 37. Bb6 Nf4 38. Bf2 {Normal} 1/2-1/2

[Event "Rated Blitz game"]
[Site "?"]
[Date "2021.11.15"]
[Round "?"]
[White "asticot95"]
[Black "Futuregm03pro"]
[Result "0-1"]
[WhiteElo "2419"]
[BlackElo "2414"]
[PlyCount "58"]
[EventDate "2021.??.??"]
[EventType "blitz"]

1. e4 e5 2. Nf3 d5 3. Nxe5 Bd6 4. d4 dxe4 5. Nc4 Nf6 6. Bg5 Be7 7. Nc3 O-O 8.
Be2 Nc6 9. d5 Nxd5 10. Bxe7 Ncxe7 11. Nxd5 Nxd5 12. O-O Be6 13. Qd4 f5 14. Qe5
Qf6 15. Qxf6 Nxf6 16. Ne3 Rad8 17. Rfd1 f4 18. Bc4 Kf7 19. Bxe6+ Kxe6 20. Nc4
Nd5 21. Rd4 Nf6 22. Rad1 Rxd4 23. Rxd4 c5 24. Rd6+ Ke7 25. Rd2 Rd8 26. Rxd8
Kxd8 27. Nd6 Kc7 28. Nf5 g6 29. Ne7 Kd7 {Normal} 0-1

[Event "Rated Blitz game"]
[Site "?"]
[Date "2021.11.15"]
[Round "?"]
[White "hagr135"]
[Black "DOOGE228"]
[Result "1-0"]
[WhiteElo "2333"]
[BlackElo "2412"]
[PlyCount "69"]
[EventDate "2021.??.??"]
[EventType "blitz"]

1. e4 e5 2. Nf3 d5 3. exd5 e4 4. Qe2 Nf6 5. c4 Be7 6. Ne5 O-O 7. Nc3 Re8 8. h3
c6 9. dxc6 Nxc6 10. Nxc6 bxc6 11. g4 Bc5 12. Bg2 Rb8 13. O-O Qd4 14. b3 Qe5 15.
Re1 Bd6 16. Kf1 h5 17. g5 Qxg5 18. d4 Qh4 19. Qe3 Bf5 20. Ne2 Bg6 21. Bd2 Nh7
22. Rad1 f5 23. Nf4 Qf6 24. Bc3 Bf7 25. d5 Qh6 26. Bd2 g5 27. Ne6 Bxe6 28. dxe6
Rxe6 29. Bc3 c5 30. Rxd6 Rxd6 31. Qxc5 Rbd8 32. Qxf5 Qf8 33. Qxe4 Re8 34. Qxe8
Qxe8 35. Rxe8+ {Normal} 1-0

[Event "Rated Blitz game"]
[Site "?"]
[Date "2021.11.15"]
[Round "?"]
[White "d3rang3d"]
[Black "Konevoyazher"]
[Result "0-1"]
[WhiteElo "2417"]
[BlackElo "2329"]
[PlyCount "40"]
[EventDate "2021.??.??"]
[EventType "blitz"]

1. e4 e5 2. Nf3 d5 3. Bc4 dxc4 4. O-O Nc6 5. b3 cxb3 6. axb3 Bg4 7. Bb2 Bd6 8.
Na3 Nf6 9. Nc4 O-O 10. h3 Bh5 11. g4 Bg6 12. d3 Re8 13. Ne3 Bc5 14. Kh2 Bd4 15.
c3 Bxe3 16. fxe3 Qd7 17. Qe2 Rad8 18. Rad1 a6 19. Nh4 Ne7 20. Rf2 Nxe4 {Normal}
0-1

[Event "Rated Blitz game"]
[Site "?"]
[Date "2021.11.15"]
[Round "?"]
[White "MothAndTheFlame"]
[Black "Fantastic_power06"]
[Result "1/2-1/2"]
[WhiteElo "2845"]
[BlackElo "2808"]
[PlyCount "28"]
[EventDate "2021.??.??"]
[EventType "blitz"]

1. e4 e5 2. Nf3 d5 3. Nxe5 Bd6 4. d4 dxe4 5. Be2 Bxe5 6. dxe5 Qxd1+ 7. Bxd1 Nc6
8. Nc3 Bf5 9. Bf4 O-O-O 10. O-O Nge7 11. Re1 Ng6 12. Bg3 Rhe8 13. Nxe4 Ngxe5
14. Nc5 Nd7 {Time forfeit} 1/2-1/2

[Event "Rated Blitz game"]
[Site "?"]
[Date "2021.11.15"]
[Round "?"]
[White "Buzilo"]
[Black "fuglfonix"]
[Result "0-1"]
[WhiteElo "2368"]
[BlackElo "2403"]
[PlyCount "76"]
[EventDate "2021.??.??"]
[EventType "blitz"]

1. e4 e5 2. Nf3 d5 3. exd5 e4 4. Qe2 Nf6 5. d3 Qxd5 6. Nbd2 Bb4 7. c3 Be7 8.
dxe4 Qh5 9. Qb5+ Qxb5 10. Bxb5+ Bd7 11. Bc4 Nc6 12. h3 O-O 13. e5 Nh5 14. Ne4
Bf5 15. Ng3 Nxg3 16. fxg3 Bc5 17. Bf4 Rad8 18. Ke2 Na5 19. Bb5 c6 20. b4 cxb5
21. bxc5 Bd3+ 22. Kf2 Nc4 23. Rhd1 Rd5 24. Be3 Nxe3 25. Kxe3 Bc4 26. Rxd5 Bxd5
27. Rd1 Bxa2 28. Ra1 Bc4 29. Rxa7 Rc8 30. Rxb7 g6 31. Kd4 Rd8+ 32. Ke3 Rd3+ 33.
Ke4 Rxc3 34. Nd4 Bd3+ 35. Kd5 Bc4+ 36. Ke4 Bf1 37. e6 Bxg2+ 38. Ke5 Bxb7 {
Normal} 0-1

[Event "Rated Blitz game"]
[Site "?"]
[Date "2021.11.15"]
[Round "?"]
[White "NGUYENANHDUNG"]
[Black "Fantastic_power06"]
[Result "1-0"]
[WhiteElo "2750"]
[BlackElo "2830"]
[PlyCount "73"]
[EventDate "2021.??.??"]
[EventType "blitz"]

1. e4 e5 2. Nf3 d5 3. exd5 e4 4. Qe2 Nf6 5. d3 Qxd5 6. Nbd2 Nc6 7. Nxe4 Be6 8.
Nxf6+ gxf6 9. Be3 O-O-O 10. c3 Bd6 11. d4 Rhe8 12. Qb5 f5 13. Qxd5 Bxd5 14.
O-O-O Bxa2 15. Bd3 f4 16. Bd2 Na5 17. Rde1 Rg8 18. g3 h6 19. Ne5 f6 20. Bf5+
Kb8 21. Nd7+ Ka8 22. Bxf4 Rg7 23. Bxd6 cxd6 24. Nxf6 Rf7 25. Be6 Rxf6 26. Bxa2
Rxf2 27. Ref1 Rdf8 28. Rxf2 Rxf2 29. h4 Rg2 30. Rf1 a6 31. Rf3 Kb8 32. Bd5 Kc7
33. Rf7+ Kb6 34. Bxg2 Nc4 35. g4 Ne3 36. Rxb7+ Ka5 37. Bc6 {Normal} 1-0

[Event "Rated Blitz game"]
[Site "?"]
[Date "2021.11.15"]
[Round "?"]
[White "mhmiguel2000"]
[Black "Tamrik2"]
[Result "0-1"]
[WhiteElo "2371"]
[BlackElo "2462"]
[PlyCount "78"]
[EventDate "2021.??.??"]
[EventType "blitz"]

1. e4 e5 2. Nf3 d5 3. Nxe5 dxe4 4. d4 Be6 5. Nc3 Nf6 6. Be2 h6 7. Be3 Nbd7 8.
Qd2 Bb4 9. a3 Ba5 10. b4 Bb6 11. h3 Nxe5 12. dxe5 Qxd2+ 13. Bxd2 Nd7 14. Nxe4
Bd4 15. Bc3 Bxc3+ 16. Nxc3 Nxe5 17. f4 Ng6 18. O-O Bf5 19. Nd5 O-O-O 20. Bf3
Bxc2 21. Rac1 Bb3 22. Nxc7 Kb8 23. Nb5 Nxf4 24. Rc7 Bd5 25. Bxd5 Nxd5 26. Rcxf7
a6 27. Nd4 Ne3 28. R1f4 g5 29. Re4 Nc4 30. Ne6 Rd1+ 31. Kh2 Nd6 32. Nc5 Nxf7
33. Re7 Nd6 34. Nd7+ Ka8 35. a4 h5 36. a5 h4 37. Nc5 Rf8 38. Rd7 Rff1 39. g4
Rd2# {Normal} 0-1

[Event "Rated Blitz tournament oxq4bOD0"]
[Site "?"]
[Date "2021.11.15"]
[Round "?"]
[White "kmsalex"]
[Black "VVV-31"]
[Result "1-0"]
[WhiteElo "2425"]
[BlackElo "2280"]
[PlyCount "93"]
[EventDate "2021.??.??"]
[EventType "blitz"]

1. e4 e5 2. Nf3 d5 3. Nxe5 Bd6 4. d4 dxe4 5. Nc4 Nf6 6. Nc3 O-O 7. Bg5 Bf5 8.
Be2 h6 9. Bh4 c6 10. Qd2 Bc7 11. O-O-O b5 12. Ne5 b4 13. Na4 Nbd7 14. Nxc6 Qe8
15. Bg3 Bxg3 16. hxg3 Nd5 17. Bc4 e3 18. fxe3 Nxe3 19. Rde1 Nxc4 20. Rxe8 Nxd2
21. Ne7+ Kh7 22. Rxf8 Rxf8 23. Nxf5 Ne4 24. Re1 Ndf6 25. Nc5 Rd8 26. Nxe4 Nxe4
27. Rxe4 g6 28. Ne3 a5 29. c4 bxc3 30. bxc3 a4 31. Kc2 Rb8 32. Re7 a3 33. Nc4
Kg7 34. Kd3 Rb1 35. Nxa3 Ra1 36. Nc4 Rxa2 37. Ne5 Kf6 38. Rxf7+ Ke6 39. Rf3
Rxg2 40. Nxg6 h5 41. Nf4+ Kf5 42. Nxg2+ Kg4 43. Re3 Kh3 44. Nf4+ Kg4 45. Nxh5
Kxh5 46. d5 Kg4 47. d6 {Normal} 1-0

[Event "Rated Blitz game"]
[Site "?"]
[Date "2021.11.15"]
[Round "?"]
[White "filmosaurus"]
[Black "Tamrik2"]
[Result "0-1"]
[WhiteElo "2333"]
[BlackElo "2440"]
[PlyCount "26"]
[EventDate "2021.??.??"]
[EventType "blitz"]

1. e4 e5 2. Nf3 d5 3. Nxe5 dxe4 4. Bc4 Qg5 5. Nxf7 Qxg2 6. Rf1 Bg4 7. Be2 Bxe2
8. Qxe2 Kxf7 9. Qc4+ Kg6 10. Qxc7 Nf6 11. Qxb7 Ng4 12. Nc3 Nxh2 13. Qxa8 Qxf1#
{Normal} 0-1

[Event "Rated Blitz game"]
[Site "?"]
[Date "2021.11.15"]
[Round "?"]
[White "Matthew62935"]
[Black "Fletov"]
[Result "0-1"]
[WhiteElo "2435"]
[BlackElo "2355"]
[PlyCount "62"]
[EventDate "2021.??.??"]
[EventType "blitz"]

1. e4 e5 2. Nf3 d5 3. Nxe5 Bd6 4. d4 dxe4 5. Nc3 Bxe5 6. dxe5 Qxd1+ 7. Nxd1 Bf5
8. Bb5+ c6 9. Bc4 Nd7 10. Bf4 Ne7 11. Ne3 Bg6 12. e6 fxe6 13. Bxe6 Nc5 14. Bc4
b5 15. b4 bxc4 16. bxc5 Nd5 17. Bd6 c3 18. Nxd5 cxd5 19. Rb1 Kd7 20. Rb7+ Kc6
21. Rc7+ Kb5 22. O-O Kc4 23. Rxg7 d4 24. c6 Kd5 25. Ba3 Kxc6 26. Rd1 Rad8 27.
Rxa7 d3 28. Ra6+ Kb5 29. Rd6 Rxd6 30. Bxd6 Rd8 31. cxd3 Rxd6 {Normal} 0-1

[Event "Rated Blitz game"]
[Site "?"]
[Date "2021.11.15"]
[Round "?"]
[White "dumbchess7"]
[Black "CristianS27"]
[Result "1-0"]
[WhiteElo "2452"]
[BlackElo "2515"]
[PlyCount "129"]
[EventDate "2021.??.??"]
[EventType "blitz"]

1. e4 e5 2. Nf3 d5 3. d4 dxe4 4. Nxe5 Nd7 5. Bc4 Nxe5 6. dxe5 Qxd1+ 7. Kxd1
Bg4+ 8. Be2 O-O-O+ 9. Bd2 Bxe2+ 10. Kxe2 Ne7 11. Nc3 Nc6 12. Nxe4 Nxe5 13. Bc3
Nc6 14. Rhe1 h6 15. Rad1 f5 16. Rxd8+ Nxd8 17. Ng3 Bc5 18. Nxf5 Re8+ 19. Kf1
Rf8 20. Ne3 g6 21. Bg7 Rf4 22. Bxh6 Rh4 23. Bg5 Rxh2 24. Bxd8 Kxd8 25. Ng4 Rh1+
26. Ke2 Rh4 27. Kf3 Bd6 28. Re6 g5 29. Rg6 Be7 30. Ne5 Rf4+ 31. Kg3 Rf5 32.
Rg8+ Rf8 33. Rxf8+ Bxf8 34. Nf7+ Ke7 35. Nxg5 Bg7 36. c3 Kf6 37. f4 a5 38. Kf3
a4 39. Ne4+ Kf5 40. b3 axb3 41. axb3 Kg6 42. g4 b5 43. f5+ Kf7 44. Kf4 c6 45.
g5 Bf8 46. g6+ Kg8 47. f6 c5 48. Kf5 c4 49. bxc4 bxc4 50. Ke6 Bh6 51. Ke7 Bf8+
52. Ke8 Ba3 53. Nd2 Bc5 54. Nxc4 Kh8 55. Ne5 Kg8 56. Nd7 Ba3 57. c4 Bb2 58. c5
Bxf6 59. Nxf6+ Kg7 60. Nd7 Kxg6 61. c6 Kf5 62. c7 Ke6 63. c8=Q Kd6 64. Qc5+ Ke6
65. Qe5# {Normal} 1-0

[Event "Rated Blitz game"]
[Site "?"]
[Date "2021.11.15"]
[Round "?"]
[White "MidFoxxy"]
[Black "Konevoyazher"]
[Result "1-0"]
[WhiteElo "2424"]
[BlackElo "2311"]
[PlyCount "123"]
[EventDate "2021.??.??"]
[EventType "blitz"]

1. e4 e5 2. Nf3 d5 3. d4 exd4 4. Qxd4 dxe4 5. Qxe4+ Qe7 6. Bb5+ c6 7. Qxe7+
Bxe7 8. Bd3 Nf6 9. O-O O-O 10. Nc3 Bg4 11. Nd4 Bc5 12. Nf5 Nbd7 13. Bg5 h6 14.
Bh4 Rfe8 15. h3 Bh5 16. Ng3 Bg6 17. Bxg6 fxg6 18. Bxf6 gxf6 19. Rad1 Re7 20.
Nge4 Kf7 21. Rxd7 Rxd7 22. Nxc5 Re7 23. Rd1 Rae8 24. Nd3 b6 25. b4 g5 26. g4
Re6 27. Kg2 Kg6 28. a4 h5 29. f4 hxg4 30. hxg4 Re3 31. f5+ Kf7 32. Rh1 Kg7 33.
Rh3 Rxh3 34. Kxh3 Rd8 35. Kg3 Rd4 36. Ne2 Rc4 37. c3 c5 38. bxc5 bxc5 39. a5
Ra4 40. Nxc5 Rxa5 41. Ne6+ Kf7 42. c4 Re5 43. Kf3 a5 44. c5 Ke7 45. N2d4 a4 46.
Nc6+ Kd7 47. Nxe5+ fxe5 48. Nf8+ Kc6 49. f6 a3 50. f7 a2 51. Ng6 a1=Q 52. f8=Q
Qf1+ 53. Ke4 Qb1+ 54. Kxe5 Qxg6 55. Qd6+ Qxd6+ 56. cxd6 Kd7 57. Kd5 Kd8 58. Ke6
Ke8 59. Kf6 Kd7 60. Kxg5 Kxd6 61. Kf6 Kd7 62. Kf7 {Time forfeit} 1-0

[Event "Rated Blitz game"]
[Site "?"]
[Date "2021.11.15"]
[Round "?"]
[White "lukareli"]
[Black "alaeldin1212"]
[Result "1-0"]
[WhiteElo "2459"]
[BlackElo "2388"]
[PlyCount "83"]
[EventDate "2021.??.??"]
[EventType "blitz"]

1. e4 e5 2. Nf3 d5 3. Nxe5 Bd6 4. d4 dxe4 5. Nc4 Nf6 6. Nxd6+ Qxd6 7. c4 Nc6 8.
Be3 O-O 9. Nc3 a6 10. d5 Ne5 11. Qd4 Re8 12. h3 c5 13. dxc6 Qxd4 14. Bxd4 Nd3+
15. Bxd3 exd3+ 16. Kd2 bxc6 17. Bxf6 gxf6 18. Rhe1 Be6 19. b3 Bf5 20. Rxe8+
Rxe8 21. Re1 Re5 22. f3 h5 23. Na4 Bg6 24. Rxe5 fxe5 25. Nc5 a5 26. Nxd3 e4 27.
fxe4 Bxe4 28. g3 Kg7 29. Nc5 Bb1 30. a3 Bf5 31. h4 Bc8 32. Ke3 Kf6 33. Kf4 Ke7
34. b4 axb4 35. axb4 Kd6 36. Ne4+ Ke6 37. Ng5+ Kf6 38. b5 cxb5 39. cxb5 Bb7 40.
b6 Ba8 41. Ne4+ Ke6 42. b7 {Normal} 1-0

[Event "Rated Blitz tournament YTAG6Gup"]
[Site "?"]
[Date "2021.11.15"]
[Round "?"]
[White "VadimCernov"]
[Black "Madjrs72"]
[Result "1-0"]
[WhiteElo "2677"]
[BlackElo "2370"]
[PlyCount "63"]
[EventDate "2021.??.??"]
[EventType "blitz"]

1. e4 e5 2. Nf3 d5 3. Nxe5 Bd6 4. d4 dxe4 5. Bc4 Bxe5 6. Qh5 Qxd4 7. Qxf7+ Kd8
8. Qf8+ Kd7 9. Bxg8 Qd6 10. Be6+ Kxe6 11. Qxh8 Nc6 12. Qg8+ Kf6 13. Qxh7 Bf5
14. Qh4+ Kf7 15. c3 g6 16. Qh7+ Kf6 17. Qh6 Ke6 18. g4 Ne7 19. gxf5+ Nxf5 20.
Qxg6+ Bf6 21. Bg5 Rf8 22. Nd2 Qd3 23. Bxf6 Rxf6 24. Qe8+ Ne7 25. O-O-O Rxf2 26.
Rhe1 e3 27. Qh8 Rxd2 28. Rxe3+ Qxe3 29. Rxd2 Qe1+ 30. Rd1 Qe3+ 31. Kb1 Qd4 32.
Rxd4 {Normal} 1-0

[Event "Rated Blitz tournament jbOauPYM"]
[Site "?"]
[Date "2021.11.15"]
[Round "?"]
[White "chinanudeln"]
[Black "Bis_Kecil_BKD"]
[Result "0-1"]
[WhiteElo "2353"]
[BlackElo "2469"]
[PlyCount "42"]
[EventDate "2021.??.??"]
[EventType "blitz"]

1. e4 e5 2. Nf3 d5 3. d4 dxe4 4. Nxe5 Nd7 5. Bc4 Nxe5 6. dxe5 Qxd1+ 7. Kxd1
Bg4+ 8. Be2 O-O-O+ 9. Ke1 Bf5 10. Nc3 Bb4 11. a3 Bxc3+ 12. bxc3 Ne7 13. Bc4 Bg6
14. Bg5 Rde8 15. Bxe7 Rxe7 16. Ke2 Rxe5 17. Ke3 Rc5 18. Kd4 b6 19. Ba6+ Kb8 20.
c4 c6 21. Rhd1 Ra5 {Normal} 0-1